| Tag |
First Indicator |
Second Indicator |
Subfields |
| LEADER |
00000cam a2200000 a 4500 |
| 001 |
in00000009635 |
| 005 |
20151007051629.0 |
| 008 |
860819s1987 nyu br 00110 eng |
| 010 |
|
|
|a 86022793
|
| 020 |
|
|
|a 031324538X (lib. bdg. : alk. paper)
|
| 035 |
|
|
|a (OCoLC)14188139
|
| 035 |
|
|
|9 AAA4008AM
|
| 040 |
|
|
|a DLC
|c DLC
|d TXA
|d UtOrBLW
|
| 049 |
|
|
|a TXAF
|c [A12638230]
|
| 050 |
0 |
0 |
|a AM8
|b .Z83 1987
|
| 082 |
0 |
|
|a 069/.088054/025
|2 19
|
| 100 |
1 |
|
|a Zucker, Barbara Fleisher,
|d 1936-
|
| 245 |
1 |
0 |
|a Children's museums, zoos, and discovery rooms :
|b an international reference guide /
|c Barbara Fleisher Zucker.
|
| 264 |
|
1 |
|a New York :
|b Greenwood Press,
|c 1987.
|
| 300 |
|
|
|a ix, 269 pages ;
|c 25 cm.
|
| 336 |
|
|
|a text
|b txt
|2 rdacontent
|
| 337 |
|
|
|a unmediated
|b n
|2 rdamedia
|
| 338 |
|
|
|a volume
|b nc
|2 rdacarrier
|
| 504 |
|
|
|a Bibliography: pages [241]-260.
|
| 500 |
|
|
|a Includes index.
|
| 650 |
|
0 |
|a Children's museums
|x Directories.
|
| 650 |
|
0 |
|a Children's zoos
|x Directories.
|
| 740 |
0 |
|
|a Discovery rooms.
|
| 999 |
|
|
|a MARS
|
| 999 |
f |
f |
|s 6bd5b2c0-9baf-330b-a8b0-3354b9e5f28e
|i 1f7ec5ef-95b1-3ae2-9fbe-723d2502f4ef
|t 0
|
| 952 |
f |
f |
|p ric
|a Texas A&M University
|b Rellis Campus
|c Joint Library Facility
|d Remote Storage
|t 0
|e AM8 .Z83 1987
|h Library of Congress classification
|i unmediated -- volume
|m A14812638230
|
| 998 |
f |
f |
|a AM8 .Z83 1987
|t 0
|l Remote Storage
|